00382nam a2200157Ia 4500008004100000020001800041082001500059100001400074245003400088250000600122260002900128300001700157500002400174650001000198700001600208230524s9999 xx 000 0 und d a9788126530724 a625.8bYOD aE.J.Yoder 0aPrinciples Of Pavement Design a2 aNew DelhibJ.Wileyc2014 a"xiii,699p;" aQuantity Number: 1 aCivil aM.W.Witczak